LIBRARY & INFORMATION CENTRE, KCAET, TAVANUR

ONLINE PUBLIC ACCESS CATALOGUE (OPAC)

Experiments in physical chemistry / (Record no. 10724)

MARC details
000 -LEADER
fixed length control field 00455cam a2200181ua 4500
041 ## - LANGUAGE CODE
Language code of text/sound track or separate title eng
082 ## - DEWEY DECIMAL CLASSIFICATION NUMBER
Classification number 542
Item number WIL/EX
100 ## - MAIN ENTRY--AUTHOR NAME
Personal name Wilson, J M.
245 ## - TITLE STATEMENT
Title Experiments in physical chemistry /
260 ## - PUBLICATION, DISTRIBUTION, ETC. (IMPRINT)
Place of publication Oxford :
Name of publisher Pergamon Press ,
Year of publication 1962.
300 ## - PHYSICAL DESCRIPTION
Number of Pages 290 ; .
700 1# - ADDED ENTRY--PERSONAL NAME
Personal name Denaro, A R .
700 1# - ADDED ENTRY--PERSONAL NAME
Personal name Newcambe, R J .
700 1# - ADDED ENTRY--PERSONAL NAME
Personal name Ricket, R M W .
942 ## - ADDED ENTRY ELEMENTS (KOHA)
Koha item type Books
Holdings
Withdrawn status Lost status Damaged status Home library Current library Date acquired Full call number Accession Number Koha item type
Withdrawn     KAUAET KAUAET 07/04/2012 542 WIL/EX 8073 Books
free website counter